भारत का राष्ट्रीय पशु और राज्यों के राज्य-पशु (Record no. 1276)

MARC details
000 -LEADER
fixed length control field 01156 a2200217 4500
005 - DATE AND TIME OF LATEST TRANSACTION
control field 20080908114951.0
008 - FIXED-LENGTH DATA ELEMENTS--GENERAL INFORMATION
fixed length control field 080908t xxu||||| |||| 00| 0 hin d
010 ## - LIBRARY OF CONGRESS CONTROL NUMBER
LC control number HIN-79139
020 ## - INTERNATIONAL STANDARD BOOK NUMBER
Terms of availability 250.00
International Standard Book Number 8183610897
035 ## - SYSTEM CONTROL NUMBER
System control number HN-51486
037 ## - SOURCE OF ACQUISITION
Source of stock number/acquisition D.B.Act / pub
082 ## - DEWEY DECIMAL CLASSIFICATION NUMBER
Classification number 591
100 ## - MAIN ENTRY--PERSONAL NAME
Personal name शुक्ल, परशुराम
245 ## - TITLE STATEMENT
Title भारत का राष्ट्रीय पशु और राज्यों के राज्य-पशु
Statement of responsibility, etc परशुराम शुक्ल
246 ## - VARYING FORM OF TITLE
Title proper/short title Bharat ka rashtria pashu aur rajyon ke rajya pashu
Remainder of title by Parshuram Shukal
260 ## - PUBLICATION, DISTRIBUTION, ETC. (IMPRINT)
Place of publication, distribution, etc नई दिल्ली
Name of publisher, distributor, etc राधाकृष्ण प्रकाशन
Date of publication, distribution, etc 2006
270 ## - ADDRESS
Address 7/31,अंसारी रोड,दरियागंज
City नई दिल्ली
Postal code 110002
Electronic mail address info@radhakrishanprakashan.com
300 ## - PHYSICAL DESCRIPTION
Extent 192पृ
Dimensions 22 सेमी (सजिल्द)
942 ## - ADDED ENTRY ELEMENTS (KOHA)
Institution code [OBSOLETE] dpl
Koha item type Hindi Books
Call number prefix 591 / शुक्लप
Source of classification or shelving scheme Dewey Decimal Classification
Classification part 591
Call number suffix शुक्लप
Holdings
Withdrawn status Lost status Damaged status Not for loan Collection code Home library Current library Date acquired Cost, normal purchase price Total Checkouts Full call number Barcode Date last seen Copy number Uniform Resource Identifier Cost, replacement price Price effective from Koha item type
      Not For Loan Non-fiction D.B.Act.Division D.B.Act.Division 08/09/2008 250.00   591 शुक्लप HN-51486 15/09/2008 1 1342 250.00 15/09/2008 Hindi Books

© Delhi Public Library
Hit Counter
free hit counter